000 00210nam a22000857a 4500
008 161213b xxu||||| |||| 00| 0 eng d
100 _92022
_aAgarwal.D
245 _aThe Walking Tree
260 _aNew Delhi
_bC.B.T
_c2011
999 _c4896
_d4896